Statistics for 駅名クイズ - アーバンネットワーク ver.

Click here to take the quiz!

General Stats

  • This quiz has been taken 29 times
  • The average score is 213 of 339

Answer Stats

NumberAnswer% Correct
A47大阪
96%
A63神戸
92%
A24草津
88%
A85姫路
88%
A44吹田
88%
A31京都
88%
A74西明石
88%
A29大津
88%
A09長浜
83%
A41茨木
83%
A46新大阪
83%
A51甲子園口
83%
A52西宮
83%
A53さくら夙川
83%
Q36奈良
83%
A54芦屋
83%
A37島本
83%
A60
83%
A61三ノ宮
83%
A62元町
83%
A64兵庫
83%
A73明石
83%
A78東加古川
83%
A79加古川
83%
A84東姫路
83%
A38高槻
83%
A49尼崎
83%
A36山崎
83%
A28膳所
83%
A12米原
83%
A13彦根
83%
A35長岡京
83%
A19近江八幡
83%
A21野洲
83%
A23栗東
83%
A25南草津
83%
A27石山
83%
A18安土
83%
A34向日町
83%
A33桂川
83%
A30山科
79%
O08京橋
79%
網干
79%
播州赤穂
79%
和田岬
79%
B12マキノ
79%
B25堅田
79%
S47関西空港
79%
A14南彦根
79%
B29大津京
79%
A15河瀬
79%
A16稲枝
79%
G56宝塚
79%
A48塚本
79%
A68須磨
79%
A17能登川
79%
A22守山
79%
相生
79%
R54和歌山
79%
A45東淀川
79%
A42千里丘
79%
A26瀬田
79%
A32西大路
79%
A58六甲道
79%
O19新今宮
79%
Q18今宮
79%
A40JR総持寺
79%
B11永原
75%
B14近江今津
75%
B17近江高島
75%
B26おごと温泉
75%
S46りんくうタウン
75%
O12福島
75%
B27比叡山坂本
75%
O16大正
75%
甲南
75%
G61三田
75%
A10田村
75%
柘植
75%
O07大阪城公園
75%
上郡
75%
G62新三田
75%
A43岸辺
75%
A82ひめじ別所
75%
A39摂津富田
75%
A65新長田
75%
A56摂津本山
75%
A20篠原
75%
A67須磨海浜公園
75%
A59摩耶
75%
A57住吉
75%
A55甲南山手
75%
A69塩屋
75%
A70垂水
75%
A71舞子
75%
P17桜島
71%
D09宇治
71%
O14西九条
71%
O13野田
71%
G50塚口
71%
O04鶴橋
71%
竜野
71%
H44北新地
71%
H40鴫野
71%
H39放出
71%
E08嵯峨嵐山
71%
E09保津峡
71%
H24京田辺
71%
G69篠山口
71%
D02東福寺
71%
D03稲荷
71%
天理
71%
A75大久保
71%
桜井
71%
京終
71%
伊賀上野
71%
A50立花
71%
笠置
71%
英賀保
71%
B19近江舞子
71%
B28唐崎
71%
Q38木津
71%
はりま勝原
71%
Q31王寺
71%
A11坂田
71%
A72朝霧
71%
貴生川
71%
和歌山市
67%
H20祝園
67%
紀和
67%
H27長尾
67%
H34四条畷
67%
G52伊丹
67%
Q27柏原
67%
五条
67%
H42大阪城北詰
67%
H45新福島
67%
O03桃谷
67%
Q25八尾
67%
A66鷹取
67%
O09桜ノ宮
67%
O10天満
67%
R51紀伊
67%
R45日根野
67%
Q39加茂
67%
P15安治川口
67%
P16ユニバーサルシティ
67%
F13衣摺加美北
67%
Q23加美
67%
有年
67%
東羽衣
67%
E11亀岡
67%
A81曽根
67%
A80宝殿
67%
B22蓬莱
67%
E04二条
67%
B20比良
67%
E16園部
67%
D06六地蔵
67%
西相生
67%
Q17JR難波
67%
F06JR野江
67%
甲西
63%
甲賀
63%
A77土山
63%
R44熊取
63%
R33
63%
R24長居
63%
A76魚住
63%
O15弁天町
63%
Q37平城山
63%
E05円町
63%
E06花園
63%
D18上狛
63%
D12城陽
63%
H26松井山手
63%
Q24久宝寺
63%
Q32法隆寺
63%
H47御幣島
63%
H48加島
63%
O02寺田町
63%
E02梅小路京都西
63%
E03丹波口
63%
D05桃山
63%
B18北小松
63%
H19西木津
63%
G54川西池田
63%
橋本
63%
B13近江中庄
63%
B23和邇
63%
F05城北公園通
63%
A83御着
63%
H23同志社前
63%
G58西宮名塩
63%
F10JR河内永和
63%
D04JR藤森
63%
手原
58%
佐那具
58%
Q21東部市場前
58%
石部
58%
月ケ瀬口
58%
Q28高井田
58%
島ケ原
58%
坂越
58%
R48和泉砂川
58%
B16安曇川
58%
畝傍
58%
R49和泉鳥取
58%
Q34郡山
58%
B21志賀
58%
吉野口
58%
御所
58%
高田
58%
油日
58%
R28堺市
58%
R29三国ケ丘
58%
R52六十谷
58%
R40東岸和田
58%
R50山中渓
58%
F09高井田中央
58%
R21美章園
58%
O06森ノ宮
58%
E10馬堀
58%
H32寝屋川公園
58%
H31星田
58%
H30河内磐船
58%
E07太秦
58%
H21下狛
58%
H46海老江
58%
O17芦原橋
58%
O05玉造
58%
F03南吹田
58%
D08黄檗
58%
F14新加美
58%
G53北伊丹
58%
G51猪名寺
58%
F04JR淡路
58%
F11JR俊徳道
58%
H22JR三山木
58%
R37和泉府中
54%
R53紀伊中ノ島
54%
G59武田尾
54%
E14八木
54%
B15新旭
54%
粉河
54%
G55中山寺
54%
三輪
54%
H33忍ケ丘
54%
G68南矢代
54%
R25我孫子町
54%
D15山城多賀
54%
H43大阪天満宮
54%
H38徳庵
54%
Q29河内堅上
54%
D11新田
54%
H37鴻池新田
54%
H36住道
54%
Q22平野
54%
JR五位堂
54%
D10JR小倉
54%
R35北信太
50%
R36信太山
50%
Q30三郷
50%
寺庄
50%
B24小野
50%
Q33大和小泉
50%
R26杉本町
50%
R27浅香
50%
帯解
50%
H25大住
50%
櫟本
50%
G60道場
50%
G65藍本
50%
H29津田
50%
Q26志紀
50%
R41東貝塚
50%
G64相野
50%
G57生瀬
50%
新堂
50%
D14山城青谷
50%
香久山
50%
F12JR長瀬
50%
高野口
46%
三雲
46%
岩出
46%
田井ノ瀬
46%
E15吉富
46%
D13長池
46%
北宇智
46%
D07木幡
46%
H28藤阪
46%
R22南田辺
46%
R43東佐野
46%
E13千代川
46%
R42和泉橋本
46%
R30百舌鳥
46%
香芝
46%
大和新庄
46%
G63広野
42%
G67古市
42%
G66草野
42%
R46長滝
42%
R47新家
42%
E12並河
42%
D17棚倉
42%
D16玉水
42%
志都美
42%
打田
42%
H35野崎
42%
大河原
42%
R31上野芝
42%
畠田
42%
R34富木
38%
巻向
38%
R38久米田
38%
R32津久野
38%
西笠田
38%
大和二見
38%
笠田
38%
R23鶴ケ丘
38%
金橋
33%
掖上
33%
柳本
33%
長柄
33%
千旦
33%
紀伊小倉
33%
紀伊長田
33%
下兵庫
29%
紀伊山田
29%
大谷
29%
下井阪
29%
玉手
29%
R39下松
29%
船戸
25%
名手
25%
布施屋
25%
中飯降
25%
隅田
25%
妙寺
17%

Score Distribution

Percentile by Number Answered

Percent of People with Each Score

Your Score History

You have not taken this quiz